000 00298 a2200109 4500
001 ART_33060
005 20260410161926.0
008 260409a
245 1 0 _aFundamentals del tipo de cambio
100 1 _aTerré, Emilce F.
773 0 _tLecturas
_g- Nº 11 (ene. 2008)
_wREV19328
999 _c28192
_d28192